000
00207 a2200097 4500
001
9048
090
_c
7230
_d
7230
100
_a
Tennyson, A L
245
_a
Tennyson poetry and prose (664-B actioned)
260
_b
Oxford
942
_a
NUST-CAE
999
_c
244121
_d
244121